Kanye West Albums Ranked (No. of Songs on Hot 100) - Statistics

General Stats
  • This quiz has been taken 555 times
    475 since last reset
  • The average score is 10 of 14
Answer Stats
Year Released No. of Songs that Charted Album % Correct
2021 23 Donda (Hurricane, Jail, Off the Grid, Ok Ok, Junya, Moon, Praise God, Jesus Lord, Jonah, Believe What I Say, God Breathed, Remote Control, Heaven and Hell, 24, Pure Souls, No Child Left Behind, Donda, Keep My Spirit Alive, Jail Pt. 2, New Again, Lord I Need You, Come To Life, Tell the Vision)
99%
2016 9 The Life Of Pablo (Famous, Father Stretch My Hands Part 1, Fade, Pt 2, Ultralight Beam, Waves, FML, Real Friends, Feedback)
89%
2019 11 Jesus Is King (Follow God, Closed On Sunday, Selah, On God, Everything We Need, God Is, Use This Gospel, Every Hour, Water, Hands On, Jesus Is Lord)
87%
2018 7 ye. (Yikes, All Mine, Ghost Town, Wouldn't Leave, Violent Crimes, I Thought About Killing You, No Mistakes)
87%
2007 5 Graduation (Stronger, Good Life, Flashing Lights, Can't Tell Me Nothing, Homecoming)
82%
2004 4 The College Dropout (Slow Jamz, All Falls Down, Jesus Walks, Through The Wire)
82%
2005 5 Late Registration (Gold Digger, Gone, Heard Em Say, Touch The Sky, Diamonds From Sierra Leone)
81%
2018 7 KIDS SEE GHOSTS (Reborn, 4th Dimension, Feel The Love, Freeee (Ghost Town Pt. 2), Fire, Cudi Montage, KIDS SEE GHOSTS)
80%
2010 5 My Beautiful Dark Twisted Fantasy (Runaway, Monster, All Of The Lights, POWER, Dark Fantasy)
76%
2011 6 Watch The Throne (In Paris, Otis, H*A*M, Who Gon Stop Me, Gotta Have It, No Church In The Wild)
73%
2013 4 Yeezus (Bound 2, New Slaves, Black Skinhead, Blood On The Leaves)
55%
2022 3 Donda 2 (True Love, City of Gods, Eazy)
45%
2008 4 808s & Heartbreak (Heartless, Love Lockdown, See You In My Nightmares, Amazing)
17%
2007 4 Can't Tell Me Nothing [Mixtape] (Stronger, Buy U A Drank (Remix), Because of You (Remix), Can't Tell Me Nothing)
10%
No matching quizzes found
Score Distribution
Percent of People with Each Score
Percentile by Number Answered
Your Score History
You have not taken this quiz since the last reset